[Event "XXXIII Memorial Edoardo Crespi A"]
[Site "Milano ITA"]
[Date "2012.12.09"]
[Round "7"]
[White "Beltrami, Francesco"]
[Black "Deghi, Donatello"]
[WhiteElo "1856"]
[BlackElo "1800"]
[Result "1-0"]
[PlyCount "131"]
[EventDate "2012.12.05"]

1. Nf3 c6 2. g3 d5 3. Bg2 f5 4. b3 Nf6 5. Bb2 e6 6. d3 Be7 7. Nbd2 O-O 8. O-O
b6 9. c4 Bb7 10. cxd5 cxd5 11. Nd4 Qd7 12. N2f3 Bd6 13. a4 Nc6 14. Nb5 Bc5 15.
Ne5 Nxe5 16. Bxe5 a6 17. Na3 Rfc8 18. Nc2 Ra7 19. b4 Be7 20. Bd4 Qc7 21. Rc1 e5
22. Be3 Ng4 23. Bd2 Qd7 24. Ne3 Nxe3 25. Bxe3 d4 26. Qb3+ Kf8 27. Bxb7 Rxb7 28.
Rxc8+ Qxc8 29. Rc1 Rc7 30. Rxc7 Qxc7 31. Bd2 Qc6 32. Qc4 Qxc4 33. dxc4 Ke8 34.
f3 Kd7 35. Kf2 Ke6 36. e3 dxe3+ 37. Kxe3 Bg5+ 38. f4 exf4+ 39. gxf4 Be7 40. Bc3
g6 41. Be1 Kd6 42. Bc3 Kc6 43. Kd3 Bd6 44. b5+ axb5 45. axb5+ Kc7 46. Be5 Kd7
47. Bxd6 Kxd6 48. Kd4 h6 49. h4 h5 50. c5+ bxc5+ 51. Kc4 g5 52. hxg5 h4 53. g6
h3 54. g7 h2 55. g8=Q h1=Q 56. Qg6+ Kc7 57. Qf7+ Kd6 58. Qf6+ Kc7 59. Qe7+ Kb8
60. Qd8+ Kb7 61. Qd5+ Qxd5+ 62. Kxd5 c4 63. Kxc4 Kb6 64. Kb4 Kb7 65. Kc5 Kc7
66. Kd5 1-0

[Event "XXXIII Memorial Edoardo Crespi A"]
[Site "Milano ITA"]
[Date "2012.12.09"]
[Round "7"]
[White "Brioschi, Camillo"]
[Black "Rossi, Giampiero"]
[WhiteElo "1812"]
[BlackElo "1896"]
[Result "0-1"]
[PlyCount "83"]
[EventDate "2012.12.05"]

1. d4 d5 2. c4 e6 3. Nc3 c6 4. Nf3 Nf6 5. e3 Nbd7 6. Qc2 Be7 7. Bd3 O-O 8. O-O
b6 9. e4 dxe4 10. Nxe4 Bb7 11. Neg5 h6 12. Nh3 c5 13. Qe2 cxd4 14. Nxd4 Nc5 15.
Rd1 Qc7 16. Bf4 Bd6 17. Bxd6 Qxd6 18. Nb5 Qc7 19. Nd6 Bc6 20. Bc2 Rfd8 21. Nb5
Bxb5 22. cxb5 Rxd1+ 23. Rxd1 Rd8 24. f3 Rxd1+ 25. Qxd1 Qd7 26. Qxd7 Ncxd7 27.
Nf4 Kf8 28. Ne2 Ke7 29. Nd4 Nb8 30. Kf2 Kd6 31. Ke3 Nd5+ 32. Ke4 f5+ 33. Kd3
Nf4+ 34. Kc3 Nxg2 35. Bb3 Nf4 36. a4 g6 37. Ba2 e5 38. Nc2 Nd7 39. b4 Nf6 40.
Kd2 N6d5 41. a5 e4 42. Nd4 0-1

[Event "XXXIII Memorial Edoardo Crespi A"]
[Site "Milano ITA"]
[Date "2012.12.09"]
[Round "7"]
[White "Ceka, Shpetim"]
[Black "Primerano, Carlo"]
[WhiteElo "1862"]
[BlackElo "1773"]
[Result "1-0"]
[PlyCount "65"]
[EventDate "2012.12.05"]

1. e4 c5 2. Nc3 e6 3. Bc4 Nc6 4. f4 g6 5. Nf3 Bg7 6. O-O Nge7 7. e5 a6 8. a4
O-O 9. Ne4 Nf5 10. Bb3 b6 11. c3 d5 12. Neg5 h6 13. Nh3 Bb7 14. Qe1 Re8 15. g4
Nfe7 16. d4 cxd4 17. Nxd4 Nxd4 18. cxd4 Rc8 19. Be3 Nc6 20. f5 Na5 21. Bd1 Nc4
22. f6 Nxe3 23. Qxe3 Bf8 24. Nf4 Rc6 25. Qd3 Kh7 26. Bc2 Rxc2 27. Qxc2 Bb4 28.
Rac1 b5 29. axb5 axb5 30. Qc7 Qxc7 31. Rxc7 Ba8 32. Rxf7+ Kg8 33. Rg7+ 1-0

[Event "XXXIII Memorial Edoardo Crespi A"]
[Site "Milano ITA"]
[Date "2012.12.09"]
[Round "7"]
[White "Colombo, Luca"]
[Black "Monticone, Sonia"]
[WhiteElo "1884"]
[BlackElo "1854"]
[Result "0-1"]
[PlyCount "66"]
[EventDate "2012.12.05"]

1. e4 c5 2. Nc3 e6 3. g3 d5 4. exd5 exd5 5. d4 cxd4 6. Qxd4 Nf6 7. Bg2 Nc6 8.
Qd1 d4 9. Qe2+ Be7 10. Ne4 O-O 11. Bd2 Re8 12. O-O-O Bf5 13. Nxf6+ Bxf6 14. Qb5
Qd7 15. Qd5 Qxd5 16. Bxd5 Rac8 17. Bb3 Ne5 18. Kb1 Be4 19. f4 Ng4 20. Nh3 Bxh1
21. Rxh1 Re2 22. Bc1 h6 23. f5 Rxh2 24. Rxh2 Nxh2 25. Bd5 b6 26. Nf2 Nf1 27.
Ne4 Be5 28. f6 Nxg3 29. Nf2 Bxf6 30. Bf4 Ne2 31. Bd2 Bg5 32. Ne4 Bf4 33. Bxf4
Nxf4 0-1

[Event "XXXIII Memorial Edoardo Crespi A"]
[Site "Milano ITA"]
[Date "2012.12.09"]
[Round "7"]
[White "Corso, Gabriele"]
[Black "Cervini, Gian Piero"]
[WhiteElo "1804"]
[BlackElo "1800"]
[Result "1/2-1/2"]
[PlyCount "42"]
[EventDate "2012.12.05"]

1. e4 g6 2. d4 Bg7 3. Nc3 d6 4. Nf3 Nf6 5. Be2 O-O 6. O-O c5 7. Be3 cxd4 8.
Nxd4 Nc6 9. Qd2 Qa5 10. Rad1 Ng4 11. Nb3 Bxc3 12. Nxa5 Bxd2 13. Bxd2 Nf6 14.
Nxc6 bxc6 15. f3 a5 16. a4 Nd7 17. Bc3 Ba6 18. Bxa6 Rxa6 19. Rd2 Nb6 20. b3 d5
21. Bd4 e6 1/2-1/2

[Event "XXXIII Memorial Edoardo Crespi A"]
[Site "Milano ITA"]
[Date "2012.12.09"]
[Round "7"]
[White "D'Avino, Gianfranco"]
[Black "Dassisti, Alberto"]
[WhiteElo "1855"]
[BlackElo "1921"]
[Result "1-0"]
[PlyCount "83"]
[EventDate "2012.12.05"]

1. d4 d5 2. c4 e6 3. Nc3 Nf6 4. cxd5 exd5 5. Bg5 Be7 6. Qc2 Nc6 7. e3 h6 8. Bh4
a6 9. a3 b5 10. Bxf6 Bxf6 11. Nxb5 Bb7 12. Nc3 Rb8 13. Bd3 O-O 14. Nge2 Re8 15.
O-O Na7 16. Na4 c6 17. Nc5 Bc8 18. Bxa6 Bxa6 19. Nxa6 Rb5 20. Nb4 Qd7 21. Nc3
Rbb8 22. Na4 Bd8 23. Nc5 Qg4 24. Qd1 Qg6 25. Qf3 Ba5 26. Nbd3 Nc8 27. Ne5 Rxe5
28. dxe5 Rxb2 29. e4 Rb5 30. Rac1 Bb6 31. Na4 dxe4 32. Qh3 Ne7 33. Nxb6 Rxb6
34. Qd7 Nd5 35. Rc4 Kh7 36. h3 h5 37. g3 e3 38. Kh2 Qd3 39. Rcc1 e2 40. Rfe1
Qf3 41. Kg1 Ne3 42. Qd3+ 1-0

[Event "XXXIII Memorial Edoardo Crespi A"]
[Site "Milano ITA"]
[Date "2012.12.09"]
[Round "7"]
[White "D'Orta, Antonio"]
[Black "Nardone, Massimo"]
[WhiteElo "1934"]
[BlackElo "1925"]
[Result "0-1"]
[PlyCount "74"]
[EventDate "2012.12.05"]

1. d4 b6 2. c4 Bb7 3. Nc3 e6 4. a3 Nf6 5. Bg5 Be7 6. e3 d6 7. Nf3 Nbd7 8. Bd3
h6 9. Bh4 O-O 10. b4 c5 11. O-O Rc8 12. Nd2 e5 13. d5 Nxd5 14. Nxd5 Bxh4 15.
Qg4 Bxd5 16. cxd5 Be7 17. Qf5 g6 18. Qh3 Kg7 19. Ne4 Nf6 20. Nxf6 Bxf6 21. Rad1
Rc7 22. f4 exf4 23. Rxf4 Qc8 24. Qf3 Be5 25. Rg4 cxb4 26. Rxb4 Rc1 27. Rb1 Rxb1
28. Bxb1 Bb2 29. a4 Ba3 30. Rf1 Bc5 31. Qf6+ Kg8 32. Qf4 Qe8 33. Rf3 Qe5 34.
Qxh6 Re8 35. Kh1 Bxe3 36. Qh3 Bf2 37. g4 Qe1+ 0-1

[Event "XXXIII Memorial Edoardo Crespi A"]
[Site "Milano ITA"]
[Date "2012.12.09"]
[Round "7"]
[White "Gemelli, Giovanni"]
[Black "Bonassi, Tommaso"]
[WhiteElo "1845"]
[BlackElo "1944"]
[Result "1/2-1/2"]
[PlyCount "49"]
[EventDate "2012.12.05"]

1. e4 c5 2. Nf3 d6 3. d4 cxd4 4. Nxd4 Nf6 5. Nc3 a6 6. Be3 Ng4 7. Bg5 h6 8. Bh4
g5 9. Bg3 Bg7 10. Be2 Ne5 11. O-O Nbc6 12. Nb3 Be6 13. Kh1 h5 14. f3 h4 15. Bf2
Ng6 16. Nd4 Nf4 17. Nxe6 fxe6 18. Rb1 Qa5 19. Be3 Qe5 20. Qd2 Rc8 21. Bd3 Nd4
22. Bxd4 Qxd4 23. Ne2 Qe5 24. c3 Nxe2 25. Bxe2 1/2-1/2

[Event "XXXIII Memorial Edoardo Crespi A"]
[Site "Milano ITA"]
[Date "2012.12.09"]
[Round "7"]
[White "Messina, Roberta"]
[Black "Bisignano, Giuseppe"]
[WhiteElo "1993"]
[BlackElo "1895"]
[Result "1-0"]
[PlyCount "57"]
[EventDate "2012.12.05"]

1. d4 Nf6 2. Nc3 d5 3. Bg5 e6 4. e4 dxe4 5. Nxe4 Be7 6. Bxf6 Bxf6 7. Nf3 O-O 8.
Qd2 h6 9. h4 Nc6 10. O-O-O e5 11. d5 Nb8 12. Qc3 Bg4 13. Be2 Nd7 14. g3 Be7 15.
d6 cxd6 16. Nxd6 Bxd6 17. Rxd6 Rc8 18. Qd3 Qc7 19. Ng5 e4 20. Qxe4 Rfe8 21.
Qh7+ Kf8 22. Bxg4 Qxd6 23. Qh8+ Ke7 24. Re1+ Ne5 25. Qxg7 Rxc2+ 26. Kxc2 Qc7+
27. Kb1 Kd8 28. Qf6+ Qe7 29. Nxf7+ 1-0

[Event "XXXIII Memorial Edoardo Crespi A"]
[Site "Milano ITA"]
[Date "2012.12.09"]
[Round "7"]
[White "Mondal, Prince"]
[Black "Villalba, Fernando"]
[WhiteElo "1930"]
[BlackElo "1852"]
[Result "1-0"]
[PlyCount "75"]
[EventDate "2012.12.05"]

1. e4 c5 2. Nf3 Nc6 3. d4 cxd4 4. Nxd4 g6 5. c4 Bg7 6. Be3 Nf6 7. Nc3 O-O 8.
Be2 d6 9. O-O Bd7 10. Rc1 Ne5 11. g3 Nc6 12. Qd2 a6 13. b3 h5 14. Rfd1 Nxd4 15.
Bxd4 Bc6 16. Bf1 Re8 17. Be3 Qa5 18. Ne2 Qxd2 19. Rxd2 b5 20. Nd4 Bd7 21. cxb5
axb5 22. Nxb5 Rec8 23. Rdc2 Rcb8 24. a4 Be6 25. Nd4 Bxb3 26. Rc7 Bxa4 27. Rxe7
Ne8 28. Bc4 Kh8 29. Bd5 Ra5 30. Rxf7 Rxd5 31. exd5 Kg8 32. Ra7 Rb4 33. Nc6 Bxc6
34. dxc6 Rb3 35. Rxg7+ Kxg7 36. Bd4+ Kf7 37. c7 Nxc7 38. Rxc7+ 1-0

[Event "XXXIII Memorial Edoardo Crespi A"]
[Site "Milano ITA"]
[Date "2012.12.09"]
[Round "7"]
[White "Mouflih, Caesar Faycal"]
[Black "Baltzopoulos, Giorgos"]
[WhiteElo "1982"]
[BlackElo "1956"]
[Result "1/2-1/2"]
[PlyCount "63"]
[EventDate "2012.12.05"]

1. e4 e5 2. Nf3 Nc6 3. Bb5 a6 4. Ba4 Nf6 5. O-O Be7 6. Re1 b5 7. Bb3 O-O 8. c3
d5 9. exd5 Nxd5 10. Nxe5 Nxe5 11. Rxe5 c6 12. d4 Bd6 13. Re1 Qh4 14. g3 Qh3 15.
Qd3 Bg4 16. Be3 Rae8 17. Nd2 Re6 18. Qf1 Qh5 19. a4 bxa4 20. Bxd5 cxd5 21. Qg2
Rfe8 22. Rxa4 Bf4 23. Ra5 Bxe3 24. fxe3 Qh6 25. Nf1 Bh3 26. Qf2 Rf6 27. Qe2
Bxf1 28. Rxf1 Rxf1+ 29. Kxf1 Qg6 30. Rxa6 Qb1+ 31. Kf2 Qh1 32. h4 1/2-1/2

[Event "XXXIII Memorial Edoardo Crespi A"]
[Site "Milano ITA"]
[Date "2012.12.09"]
[Round "7"]
[White "Nepi, Ezio"]
[Black "Brociner, Beniamino"]
[WhiteElo "1945"]
[BlackElo "1965"]
[Result "1-0"]
[PlyCount "89"]
[EventDate "2012.12.05"]

1. d4 Nf6 2. c4 e6 3. g3 Be7 4. Bg2 d5 5. Nf3 O-O 6. O-O b6 7. cxd5 exd5 8. Nc3
Bb7 9. Ne5 Na6 10. a3 c5 11. dxc5 Nxc5 12. b4 Nce4 13. Bb2 Bd6 14. Nb5 Bb8 15.
Nf3 a6 16. Nbd4 Qd7 17. Qb3 Bd6 18. Rac1 Rac8 19. Rxc8 Rxc8 20. h3 Rc4 21. Rd1
b5 22. Nd2 Nxd2 23. Rxd2 Qc7 24. Nf5 Be5 25. Ne3 Bxb2 26. Nxc4 bxc4 27. Qxb2 c3
28. Qc2 cxd2 29. Qxc7 d1=Q+ 30. Kh2 Qxe2 31. Qb8+ Ne8 32. Qxb7 d4 33. Qe4 Qxe4
34. Bxe4 Nc7 35. a4 h6 36. Kg2 Kf8 37. Kf3 Ke7 38. Ke2 Kd6 39. Kd3 Nd5 40. Bxd5
Kxd5 41. f4 g6 42. g4 f6 43. h4 g5 44. fxg5 hxg5 45. h5 1-0

[Event "XXXIII Memorial Edoardo Crespi A"]
[Site "Milano ITA"]
[Date "2012.12.09"]
[Round "7"]
[White "Pasquotto, Mirko"]
[Black "Zuliani, Francesco"]
[WhiteElo "1870"]
[BlackElo "1783"]
[Result "1-0"]
[PlyCount "79"]
[EventDate "2012.12.05"]

1. d4 Nf6 2. c4 g6 3. Nc3 Bg7 4. e4 d6 5. Nf3 O-O 6. Be2 e5 7. O-O exd4 8. Nxd4
Re8 9. f3 Nc6 10. Be3 Ne5 11. Rc1 c6 12. Qd2 Qc7 13. Rfd1 Rd8 14. b4 Be6 15.
Nd5 Qd7 16. Bg5 cxd5 17. cxd5 Bh3 18. Bb5 Qe7 19. gxh3 a6 20. Bf1 Rac8 21. Qf4
Ned7 22. h4 Re8 23. Bh3 Rxc1 24. Rxc1 Nh5 25. Qd2 f6 26. Be6+ Kh8 27. Be3 Ne5
28. f4 f5 29. fxe5 dxe5 30. Bg5 Qf8 31. Nb3 f4 32. Bd7 Rb8 33. d6 Nf6 34. Bxf6
Bxf6 35. Bh3 Bxh4 36. d7 Rd8 37. Rc8 f3 38. Qc3 Qd6 39. Rxd8+ Bxd8 40. Qxf3 1-0

[Event "XXXIII Memorial Edoardo Crespi A"]
[Site "Milano ITA"]
[Date "2012.12.09"]
[Round "7"]
[White "Pecorario, Stefano"]
[Black "Piantoni, Pierino"]
[WhiteElo "1774"]
[BlackElo "1899"]
[Result "0-1"]
[PlyCount "54"]
[EventDate "2012.12.05"]

1. e4 e6 2. d4 d5 3. Nd2 Nc6 4. Ngf3 Nf6 5. e5 Nd7 6. c3 f6 7. exf6 Qxf6 8. Bb5
Bd6 9. Qe2 O-O 10. Nf1 e5 11. Bxc6 bxc6 12. h4 a5 13. Bg5 Qf7 14. O-O-O e4 15.
N3h2 Qxf2 16. Qh5 Bf4+ 17. Nd2 e3 18. Bxf4 Qxf4 19. Ndf3 e2+ 20. Rd2 Ba6 21.
Qg4 Qxg4 22. Nxg4 Rae8 23. Re1 Nf6 24. Nf2 Ne4 25. Nxe4 dxe4 26. Nh2 Rf2 27.
Kc2 Rxg2 0-1

[Event "XXXIII Memorial Edoardo Crespi A"]
[Site "Milano ITA"]
[Date "2012.12.09"]
[Round "7"]
[White "Penna, Tommaso"]
[Black "Miracola, Giorgia"]
[WhiteElo "1893"]
[BlackElo "1839"]
[Result "1/2-1/2"]
[PlyCount "61"]
[EventDate "2012.12.05"]

1. d4 Nf6 2. c4 g6 3. Nc3 d5 4. cxd5 Nxd5 5. e4 Nxc3 6. bxc3 Bg7 7. Nf3 c5 8.
Rb1 Nc6 9. d5 Na5 10. Bb5+ Bd7 11. Bxd7+ Qxd7 12. O-O O-O 13. Be3 b6 14. Qc1 e5
15. c4 Nb7 16. Qc2 Nd6 17. a4 f5 18. Ng5 f4 19. Bd2 Qg4 20. Nf3 g5 21. Rb3 Qh5
22. h3 Qg6 23. Re1 h5 24. h4 gxh4 25. Nxh4 Qg4 26. Rh3 Bf6 27. Nf5 Nxf5 28.
exf5 Rf7 29. Qe4 Rg7 30. Rd3 Kh8 31. Kf1 1/2-1/2

[Event "XXXIII Memorial Edoardo Crespi A"]
[Site "Milano ITA"]
[Date "2012.12.09"]
[Round "7"]
[White "Virzi, Ettore"]
[Black "Reale, Simone"]
[WhiteElo "1974"]
[BlackElo "1880"]
[Result "1/2-1/2"]
[PlyCount "40"]
[EventDate "2012.12.05"]

1. e4 c5 2. Nf3 d6 3. d4 cxd4 4. Nxd4 Nf6 5. Nc3 a6 6. Bg5 e6 7. f4 Nbd7 8. Qe2
Qc7 9. O-O-O Be7 10. g4 b5 11. Bxf6 Nxf6 12. g5 Nd7 13. Bg2 Bb7 14. Rhe1 Nc5
15. Nd5 exd5 16. exd5 Kd8 17. Nf5 Re8 18. Nxg7 Rg8 19. Nf5 Re8 20. Ng7 Rg8
1/2-1/2